Zur Ortsgeschichte Weißwassers
| Titel: | Zur Ortsgeschichte Weißwassers |
|---|---|
| Verfasser: | |
| In: |
Zeitschrift für Geschichte und Kulturgeschichte Schlesiens, Band 18 (1924), Seite 67-73 alle Artikel anzeigen |
| Veröffentlicht: | 1924/25 [1925] |
| Format: | Aufsatz |
| Sprache: | Deutsch |
X
alg: 39183305 001A $01999:11-11-16 001B $01999:16-05-21 $t20:15:15.000 001C $06050:19-11-16 $t09:20:27.000 001D $01999:11-11-16 001U $0utf8 001X $00 002@ $0Aox 003@ $0391833057 007A $0391833057 $aHEB 007T $0Herda04854 010@ $ager 011@ $a1924 $b1925 $n1924/25 [1925] 021A $aZur Ortsgeschichte Weißwassers 028A $aMorr $dJosef 031A $d18 $h67-73 $j1924 037A $aBetr. eine 1733 veröffentlichte Schrift zur Marienverehrung 039B $aIn $8--Abvc--. Zeitschrift für Geschichte und Kulturgeschichte Schlesiens. - Opava : Zemský Archiv, 1918-2006 $x192400000180000933 $9047981504 045F $a307.094385 $eDDC23BSB 045F/01 $a307.09 045F/03 $g4385 045T $a9,10 lok: 39183305 78 exp: 39183305 78 1 #EPN 201B/01 $019-04-17 $t10:24:54.000 201U/01 $0utf8 203@/01 $0787928240 208@/01 $a11-11-16 $be 209A/01 $a/ $f000 $x00 220C/01 $aTitelaufnehmer: cs 244Z/01 $2Trx $#Silesia $#Śląsk $#Sliezsko $#Slezsko $8--Trx--Schlesien $x01 $9391173987 244Z/01 $2Trx $#Weißwasser Glatz $8--Trx--Biała Woda$gKłodzko $x02 $9391194704 244Z/01 $aGeschichte 1500-1733 $x03 244Z/01 $2Trx $#Maarja austamine $#Marijos kultas $#adoration of the Virgin Mary $#Mária-tisztelet $#kult maryjny $#kult mariánsky $#kult mariánský $8--Trx--Marienverehrung $x04 $9391364790 244Z/01 $2Trx $8--Trx--Zeitschriftenaufsatz $x05 $9391384341 245Z/01 $a13.03 $x01 245Z/01 $a10.02.02.01 $x02 247C/01 $82080>Marburg/Lahn, Herder-Institut, Forschungsbibliothek, Bibliographieportal $9336309341
| LEADER | 00000caa a22000002c 4500 | ||
|---|---|---|---|
| 001 | 391833057 | ||
| 003 | DE-603 | ||
| 005 | 20210516201515.0 | ||
| 007 | tu | ||
| 008 | 161111s19241925xx |||| | u00||u|ger c | ||
| 035 | |a (DE-599)HEB391833057 | ||
| 040 | |a DE-603 |b ger |c DE-603 |d DE-603 | ||
| 041 | |a ger | ||
| 082 | 0 | 4 | |8 1\u |a 307.094385 |q DE-101 |2 23/BSB |
| 084 | |a 9,10 |2 ssgn | ||
| 085 | |8 1\u |b 307.09 | ||
| 085 | |8 1\u |z 2 |s 4385 | ||
| 100 | 1 | |a Morr, Josef | |
| 245 | 0 | 0 | |a Zur Ortsgeschichte Weißwassers |
| 264 | 0 | |c 1924/25 [1925] | |
| 500 | |a Betr. eine 1733 veröffentlichte Schrift zur Marienverehrung | ||
| 773 | 0 | 8 | |i In |t Zeitschrift für Geschichte und Kulturgeschichte Schlesiens |d Opava : Zemský Archiv, 1918-2006 |g Band 18 (1924), Seite 67-73 |w (DE-603)047981504 |w (DE-600)716156-6 |
| 924 | 0 | |9 2080 |a (DE-603)787928240 |b DE-2080 |c HES |d d |g / | |


